00233nam a22000857a 4500082002200000100002700022245005800049260003000107300001000137 aTNC B142x54 K143c aKapur, Promilla (com.) aEmpowering the Indian womancEdited by promilla Kapur aNew DelhibDivisionc2001 a440p.